Poorikkum ilamaipparuvam

Saved in:
Bibliographic Details
Format: Book
Published: Thesiya ilaignar sevai mandram
Tags: Add Tag
No Tags, Be the first to tag this record!

MARC

LEADER 00000nam a2200000 a 4500
082 |a 613.9031 
245 |a Poorikkum ilamaipparuvam 
260 |b Thesiya ilaignar sevai mandram 
300 |a 100p. ; 21cm. 
942 |c AFW 
999 |c 158871  |d 158871